Statistics for Countries by Marvel Characters

Click here to take the quiz!

General Stats

  • This quiz has been taken 64 times
  • The average score is 14 of 22

Answer Stats

HintAnswer% Correct
Spider-Man, Iron Man, Hulk, Fantastic Four, Ant-Man, Wasp, Captain Marvel, Dr. Strange, Punisher, Hawkeye, Falcon, Luke Cage, Spider-Woman, etc.United States of America
100%
Black Widow, Colossus, Magik, CosmoRussia
93%
Wolverine, Deadpool, Alpha Flight, TransonicCanada
84%
Ancient One, Wong, Shang-Chi, Jimmy WooChina
84%
Black Knight, Lionheart, Meggan, Union Jack, BladeUnited Kingdom
84%
Nightcrawler, Hauptmann Deutschland, Blitzkrieger, Iron CrossGermany
82%
Sunfire, Armor, Big Hero 6, ZeroJapan
82%
ThorNorway
80%
Reptil, Falcon (Joaquin Torres), Living Lightning, VelocidadMexico
76%
Elektra, Hercules, SersiGreece
73%
N'Kantu the Living Mummy, Scarlet ScarabEgypt
71%
Gateway, Manifold, TalismanAustralia
58%
El AguilaSpain
58%
Ms. MarvelPakistan
55%
Banshee, SyrinIreland
53%
Sunspot, Wind Dancer, Shark-GirlBrazil
51%
Storm, KidogoKenya
45%
SabraIsrael
33%
OyaNigeria
31%
Mantis, SilhouetteVietnam
31%
Polaris, PetraDenmark
25%
PrimalUkraine
18%

Score Distribution

Percentile by Number Answered

Percent of People with Each Score

Your Score History

You have not taken this quiz